| 000 | 00000nam 2200000zi 4500 |
| 001 | 9.925725 |
| 003 | CaOODSP |
| 005 | 20231215143635 |
| 006 | m o d f |
| 007 | cr |n||||||||| |
| 008 | 230731e202311 bccdb o f000 0 fre d |
| 020 | |a9780660497396 |
| 040 | |aCaOODSP|bfre|erda|cCaOODSP |
| 043 | |an-cn-bc |
| 086 | 1 |aFs70-7/2023-037F-PDF |
| 245 | 00|aMise à jour des procédures de gestion et avis sur les prises pour les saisons de pêche 2023-2024 à 2026-2027 du sébaste aux yeux jaunes (Sebastes ruberrimus) des eaux extérieures de la région du Pacifique. |
| 264 | 1|aNanaimo (C.-B.) : |bSecrétariat canadien de consultation scientifique, |cnovembre 2023. |
| 264 | 4|c©2023 |
| 300 | |a1 ressource en ligne (52 pages) : |bcartes, graphiques. |
| 336 | |atexte|btxt|2rdacontent/fre |
| 337 | |ainformatique|bc|2rdamedia/fre |
| 338 | |aressource en ligne|bcr|2rdacarrier/fre |
| 490 | 1 |aRéponse des sciences, |x1919-3815 ; |v2023/037 |
| 500 | |aPublié aussi en anglais sous le titre : Management procedures update and catch advice for 2023/24 - 2026/27 fishing seasons for outside yelloweye rockfish (Sebastes ruberrimus) in the Pacific region. |
| 500 | |aTitre de départ. |
| 504 | |aComprend des références bibliographiques. |
| 650 | 6|aSébaste aux yeux jaunes|zColombie-Britannique|zPacifique, Côte du. |
| 650 | 6|aSébastes|xPêche commerciale|zColombie-Britannique|zPacifique, Côte du|xGestion. |
| 710 | 1 |aCanada. |bMinistère des pêches et des océans. |bRégion du Pacifique, |eorganisme de publication. |
| 710 | 2 |aSecrétariat canadien de consultation scientifique, |eorganisme de publication. |
| 775 | 08|tManagement procedures update and catch advice for 2023/24 - 2026/27 fishing seasons for outside yelloweye rockfish (Sebastes ruberrimus) in the Pacific region.|w(CaOODSP)9.925723 |
| 830 | #0|aRéponse des sciences (Secrétariat canadien de consultation scientifique)|v2023/037.|w(CaOODSP)9.502630 |
| 856 | 40|qPDF|s3.38 Mo|uhttps://publications.gc.ca/collections/collection_2023/mpo-dfo/fs70-7/Fs70-7-2023-037-fra.pdf |